Normal view
MARC view
- Islamic art and symbolism
Entry Topical Term
001 - CONTROL NUMBER
- control field: 85969
003 - CONTROL NUMBER IDENTIFIER
- control field: NUST
005 - DATE AND TIME OF LATEST TRANSACTION
- control field: 20211207150830.0
008 - FIXED-LENGTH DATA ELEMENTS
- fixed length control field: 211207|| aca||aabn | a|a d
040 ## - CATALOGING SOURCE
- Original cataloging agency: NUST
- Transcribing agency: NUST
150 ## - HEADING--TOPICAL TERM
- Topical term or geographic name entry element: Islamic art and symbolism
- Form subdivision: Catalogs
670 ## - SOURCE DATA FOUND
- Source citation: Work cat.: (NUST)0: Rashid, Neyyar Ehsan. 85967, To God belong the names most beautiful /, 2004.
